Taylor Swift - Midnights - Statistics

General Stats
  • This quiz has been taken 36 times
  • The average score is 18 of 24
Answer Stats
2022 Midnights % Correct
3 Anti-Hero
96%
11 Karma
96%
1 Lavender Haze
89%
2 Maroon
89%
13 Mastermind
86%
6 Midnight Rain
86%
8 Vigilante Shit
86%
5 You're On Your Own, Kid
82%
9 Bejeweled
79%
19 Would've, Could've, Should've
79%
21 Hits Different
75%
16 Paris
75%
4 Snow On The Beach (feat. Lana Del Ray)
75%
22 You're Losing Me
71%
15 Bigger Than The Whole Sky
68%
18 Glitch
68%
17 High Infidelity
68%
10 Labyrinth
68%
7 Question...?
68%
14 The Great War
68%
24 Karma (feat. Ice Spice)
61%
12 Sweet Nothing
61%
20 Dear Reader
57%
23 Snow On The Beach (feat. More Lana Del Ray)
39%
No matching quizzes found
Score Distribution
Percent of People with Each Score
Percentile by Number Answered
Your Score History
You have not taken this quiz